Statistiques concernant Le top 100 imdb des films

Cliquez ici pour prendre le quiz!

Statistiques générales

  • Ce quiz a été pris 2,551 fois
  • Le résultat moyen est 17 sur 100

Statistiques - réponses

Hint Answer % Correct
1977La guerre des étoiles
64%
1972Le parrain
62%
1994Pulp fiction
54%
2001Le seigneur des anneaux - La communauté de l'anneau
52%
1994Forrest Gump
40%
1974Le parrain, 2ème partie
38%
1971Orange mécanique
38%
1999Fight club
36%
2010Inception
34%
1981Les aventuriers de l'arche perdue
34%
1966Le bon, la brute et le truand
33%
1999La ligne verte
32%
2002Le seigneur des anneaux - Les deux tours
31%
2003Le seigneur des anneaux - Le retour du roi
31%
1979Apocalypse Now
30%
1980Shining
30%
1994Les évadés
30%
1993La liste de Schindler
30%
1979Alien - Le huitième passager
29%
1960Psychose
29%
1980L'empire contre-attaque
28%
1995Seven
28%
1968Il était une fois dans l'ouest
27%
1985Retour vers le futur
27%
1999Matrix
27%
1942Casablanca
27%
1941Citizen Kane
27%
1976Taxi Driver
26%
1983Le retour du Jedi
26%
1994Le roi lion
26%
2008The Dark Knight: Le Chevalier noir
25%
1992Reservoir Dogs
24%
2000Gladiator
24%
1998Il faut sauver le soldat Ryan
24%
1990Les affranchis
23%
1991Le silence des agneaux
23%
1997La vie est belle
23%
1946La vie est belle
23%
1975Vol au-dessus d'un nid de coucou
22%
1987Full Metal Jacket
22%
2011Intouchables
21%
1936Les temps modernes
21%
2012Django Unchained
21%
1940Le dictateur
21%
2006Les infiltrés
16%
1954Fenêtre sur cour
15%
2002Le pianiste
15%
1984Il était une fois en Amérique
15%
195712 hommes en colère
14%
1994Léon
14%
1959La mort aux trousses
12%
2013Le Loup de Wall Street
12%
1991Terminator 2 - Le jugement dernier
12%
1995Usual Suspects
12%
1995Braveheart
11%
1998American History X
11%
1999American Beauty
11%
2001Le fabuleux destin d'Amélie Poulain
11%
2000Memento
10%
2012The Dark Knight Rises
10%
1986Aliens - Le retour
10%
2000Requiem for a Dream
9%
1958Sueurs froides
9%
2008Wall-E
9%
2000Snatch - Tu braques ou tu raques
9%
2001Le voyage de Chihiro
9%
2010Toy Story 3
8%
1962Lawrence d'Arabie
8%
1997Princesse Mononoké
8%
1959Certains l'aiment chaud
7%
1954Les sept samouraïs
7%
1931M le maudit
7%
1964Docteur Folamour
7%
1931Les lumières de la ville
6%
1984Amadeus
6%
2003Old Boy
6%
2006Le prestige
6%
1952Chantons sous la pluie
6%
1957Les sentiers de la gloire
5%
1988Le tombeau des lucioles
5%
201312 Years a Slave
5%
2002La cité de Dieu
4%
2004Eternal Sunshine of the Spotless Mind
4%
1973L'arnaque
3%
1997L.A. Confidential
3%
2006La vie des autres
3%
1950Boulevard du crépuscule
3%
1948Le voleur de bicyclette
2%
1950Ève
2%
1975Monty Python sacré graal!
2%
1944Assurance sur la mort
2%
1950Rashômon
2%
1981Le bateau
2%
1960La garçonnière
2%
1988Cinema Paradiso
2%
1957Témoin à charge
1%
1962Du silence et des ombres
1%
1948Le trésor de la Sierra Madre
1%
1949Le troisième homme
1%
2011Une séparation
1%

Distribution des résultats

Percentile by Number Answered

% des personnes avec chaque résultat

Votre développement - résultats

Vous n’avez pas pris ce quiz